| 000 | 00401 a2200121 4500 | ||
|---|---|---|---|
| 001 | ART_10494 | ||
| 005 | 20260410161848.0 | ||
| 008 | 260409a | ||
| 245 | 1 | 0 | _aEstudio estadístico del sistema previsional Argentino en el período 1950-1972 |
| 100 | 1 | _aDiéguez, Héctor L. | |
| 700 | 1 | _aPetrecolla, Alberto | |
| 773 | 0 |
_tEconómica _g- Año XXIII, Nº3 (sep./dic. 1977) _wREV7541 |
|
| 999 |
_c24785 _d24785 |
||